000 02812nam a22002537a 4500
003 Uzh_bibl
008 260430b |||||||| |||| 00| 0 ukr d
020 _a978-617-12-1475-0
_c58.41
040 _bукр.
041 _2ukr
_aukr
080 _a821.161.2
090 _a821.161.2
_bК 59
100 _aКокотюха, Андрій
245 _aЧервоний
_cФотограф Е. Дворчук, худож. Н. Переверзєва
_hТекст
260 _aХарків
_bКнижковий клуб "Клуб Сімейного Дозвілля"
_c2016
300 _a320 с.
_bіл.
_fВ опр.
520 _aКнижка представлена у кінообкладинці. Для створення такого роману потрібно багато матеріалу, але головне — натхнення й письменницький хист. Усього цього в А. Кокотюхи вдосталь. Він написав роман за два з половиною місяці. Матеріалами йому слугували мемуари повстанців, публікації українських істориків та розмови зі свідками тих давніх подій. Похвала від ворога — то найліпша похвала… Ця книжка — це три розповіді про Данила Червоного від його найзапекліших ворогів. Міліціонер Михайло Середа щиро вважав упівця Червоного ворогом. У повоєнні роки він, не жаліючи себе, чинив перепони повстанцям. У цих зіткненнях він утратив кохану, та зберіг чоловічу гідність. І не міг не визнати, що Данило — безстрашний воїн. Полковникові КГБ Льву Доброхотову таки вдалося заманити вояка у пастку. А Уляна, дівчина Данила, стала жертвою чекістів. Тепер на ватажка повстанців чекав нелегкий шлях до ГУЛАГу. Воркутлаг. Колишній червоноармієць Віктор Гуров упевнений, що потрапив сюди випадково, а ось ворогам країни рад саме тут і місце.
521 _aДля широкого кола читачів
546 _aукр.
650 _aЛітературно - художнє видання
653 _aБандерівці
_aВбивства
655 _aІсторико- патріотичний роман
_vРоман
942 _2udc
_cBK
999 _c17573
_d17573